000 03310cam a22004938i 4500
001 23727064
005 20250428134519.0
008 240610s2024 enk b 001 0 eng
010 _a 2024021048
020 _a9781032763699
020 _a9781032763705
020 _a978-1-032-99264-8
037 _cTB
040 _aCRL
_beng
_erda
_cCRL
_dCRL
041 _2eng
_aeng
042 _apcc
043 _aa-ii---
050 0 0 _aPK5447.I4
_bL35 2025
084 _aO449w:g 111R5
_qCRL
100 1 _aLalkulhpuia, Dustin,
_eauthor.
_9753303
245 1 0 _aIdentity in Northeast Indian literature :
_bRereading select writings from Meghalaya
260 _aLondon, UK:
_aNew York, USA:
_bRoutledge,
_c2025.
263 _a2410
264 1 _c2025.
300 _a151p.
336 _atext
_btxt
_2rdacontent
337 _aunmediated
_bn
_2rdamedia
338 _avolume
_bnc
_2rdacarrier
365 _b995.00
_cINR
490 0 _aRoutledge series on South Asian culture, (Editor) Diana Dimitrova
504 _aIncludes bibliographical references and index.
505 0 _aRethinking identity in Northeast India: Contestations and negotiations -- Myth and identity: indigeneity and narrative agency -- Violence and identity: the politics of belonging and unbelonging -- Sexuality and identity: queering Pariat's fictional characters -- Conclusion.
520 _a"This book provides an in-depth analysis and critical examination of the representation of ethnic, sexual, cultural and individual identities in selected literary works by contemporary writers from Northeast India. The book explores the complex dynamics of identity construction, sexuality, marginalization, ethnicity, and belonging in the context of Meghalaya and northeast India as a whole. The author analyses poetry and prose by Janice Pariat, Anjum Hasan, Kynpham Singh Nongkynrih and other Khasi writers. These works candidly portray the turmoil afflicting contemporary Meghalaya - from insurgency and ethnic tensions to ecological threats and loss of roots as well as reconciliation, integration and mutual understanding. Using postmodern and postcolonial literary strategies, the book depicts fluid, heterogeneous, and multifaceted notions of identity in Northeast India. An exploration of ethnicity, belonging, and unbelonging in the northeastern context, this book presents marginalized voices and liminal spaces. It will be of interest to academics focusing on Indian English literature, postcolonial literature and South Asian Studies"--
_cProvided by publisher.
650 0 _aIndic literature
_zIndia, Northeastern
_xHistory and criticism.
_9753304
650 0 _aIndic literature
_zIndia
_zMeghalaya.
_9753305
650 0 _aIndia, Northeastern
_xIn literature.
_9753306
650 0 _aIndia
_zMeghalaya
_xIn literature.
_9753307
650 0 _aIdentity (Psychology) in literature.
_9753308
776 0 8 _iOnline version:
_aLalkulhpuia, Dustin.
_tIdentity in Northeast Indian literature
_dLondon ; New York : Routledge, 2025
_z9781003478249
_w(DLC) 2024021049
906 _a7
_bcbc
_corignew
_d1
_eecip
_f20
_gy-gencatlg
942 _2CC
_cTB
_hO449w:g 111R5
_n0
999 _c1309668
_d1309668